पर्यावरण परंपरा और अपसंस्कृति / (Record no. 65295)

MARC details
000 -LEADER
fixed length control field 00777nam a22001817a 4500
005 - DATE AND TIME OF LATEST TRANSACTION
control field 20120419132147.0
020 ## - INTERNATIONAL STANDARD BOOK NUMBER
Terms of availability 200.00
International Standard Book Number 819011809
035 ## - SYSTEM CONTROL NUMBER
System control number B-13573
037 ## - SOURCE OF ACQUISITION
Source of stock number/acquisition
Stock number dpl
082 ## - DEWEY DECIMAL CLASSIFICATION NUMBER
Classification number 363.73
100 ## - MAIN ENTRY--PERSONAL NAME
Personal name चातक, गोविन्द
245 1# - TITLE STATEMENT
Title पर्यावरण परंपरा और अपसंस्कृति /
Statement of responsibility, etc गोविन्द चातक
260 ## - PUBLICATION, DISTRIBUTION, ETC. (IMPRINT)
Place of publication, distribution, etc नई दिल्ली
Name of publisher, distributor, etc तेज प्रकाशन
Date of publication, distribution, etc 2000
270 ## - ADDRESS
Address
City
Postal code
Telephone number
300 ## - PHYSICAL DESCRIPTION
Extent 190पृ.
Dimensions 22सेमी (सजिल्द)
942 ## - ADDED ENTRY ELEMENTS (KOHA)
Institution code [OBSOLETE] dpl
Item type Hindi Books
Call number prefix
Source of classification or shelving scheme Dewey Decimal Classification
Classification part 363.73
Call number suffix चातक
Holdings
Withdrawn status Lost status Not for loan Collection code Home library Current library Date acquired Cost, normal purchase price Full call number Barcode Cost, replacement price Koha item type
      Non-fiction Sarojini Nagar Sarojini Nagar 19/04/2012 200.00 363.73 चातक B-13573 200.00 Hindi Books

© Delhi Public Library
Hit Counter
free hit counter